100 Nomes mais populares do Brasil começando com M - Statistics

Estatísticas Gerais
  • Esse quiz foi jogado 1 083 vezes
  • A pontuação média é 42 de 100
Estatísticas das Respostas
# NOMES FREQUÊNCIA % Correto
48 Mari/Mary 42.970
99%
1 Maria 11.734.129
97%
17 Marco 208.076
87%
8 Mariana 383.387
86%
2 Marcos/Marcus 1.144.694
81%
3 Mateus/Matheus 939.253
81%
77 Marcel 20.703
78%
6 Márcia 553.706
75%
7 Márcio 468.046
73%
10 Mário 269.379
73%
5 Marcelo 693.215
72%
4 Manoel/Manuel 846.129
71%
26 Marcela 140.391
69%
32 Manuela/Manoela 92.849
65%
18 Mônica 203.930
65%
16 Marina 208.542
64%
14 Marta 214.961
64%
11 Miguel 240.880
64%
47 Melissa 43.890
63%
90 Mauri 14.399
62%
24 Milena 159.042
62%
29 Murilo 115.785
62%
12 Maurício 235.778
61%
36 Michel 78.975
61%
22 Mauro 166.776
58%
33 Mara 88.918
56%
98 Miriã 12.262
56%
88 Matias 15.425
54%
13 Michele/Michelle 234.589
53%
78 Mariano 20.571
52%
62 Micael 31.237
51%
34 Marília 87.004
50%
19 Miriam/Mirian 197.735
50%
20 Maiara/Mayara 187.687
49%
38 Mariane 74.021
49%
25 Marisa/Mariza 141.209
49%
9 Marlene 301.890
48%
41 Michael 66.277
47%
40 Monique 67.793
47%
44 Madalena 52.797
45%
59 Mirela 34.087
44%
50 Maura 39.934
43%
92 Micaela 14.156
43%
30 Margarida 115.031
42%
21 Maicon/Maycon 167.756
41%
28 Moisés 125.244
41%
27 Milton 125.935
40%
37 Maira/Mayra 77.097
39%
55 Magda 34.793
37%
43 Margarete/Margareth 63.028
36%
52 Milene 38.111
36%
68 Magali 25.699
34%
42 Maisa/Maysa 63.091
34%
99 Marcelina 11.526
34%
15 Marli 210.457
34%
39 Marlon 72.963
34%
63 Matilde 30.270
34%
67 Marcelino 26.527
32%
23 Marilene 164.393
32%
84 Morgana 16.698
31%
51 Magno 39.068
30%
81 Marcele 19.752
30%
75 Marciano 22.106
29%
80 Mariele 19.833
29%
57 Max 34.224
29%
53 Meire 37.373
29%
58 Messias 34.115
29%
71 Mércia 22.715
28%
100 Marise 11.334
27%
96 Monalisa 12.420
27%
91 Marciana 14.312
26%
45 Marilda 50.869
26%
46 Maristela 45.433
26%
35 Moacir 79.857
26%
83 Micaele 17.571
25%
49 Marinete 41.253
24%
64 Marluce 30.155
24%
74 Mercedes 22.257
24%
31 Marinalva 93.627
23%
72 Maurílio 22.488
23%
89 Mirele 15.193
23%
82 Magna 19.321
22%
73 Marcílio 22.305
22%
60 Misael/Mizael 34.073
22%
69 Maciel 25.384
21%
97 Mariângela 12.284
21%
54 Marinês 36.750
20%
94 Marieta 12.839
19%
56 Marizete 34.545
19%
76 Marlucia 20.803
19%
87 Miquéias 15.888
19%
61 Marcilene 32.703
17%
65 Marineide 28.842
17%
93 Marlei 12.876
16%
66 Marilza 28.274
15%
85 Marinaldo 16.156
14%
70 Marivaldo 23.347
14%
79 Marileide 20.466
13%
95 Maílson 12.480
12%
86 Marleide 16.046
9%
Nenhum quiz correspondente encontrado
Distribuição das Pontuações
Porcentagem de Pessoas com Cada Pontuação
Percentil de Números Respondidos
Sua Pontuação Histórica
Você não jogou esse quiz